Packs of foxhounds in Devon Quiz Stats

 Plays Quiz not verified by Sporcle

Score 0/18 Timer 04:00
0 Plays Today
Hint Answer % Correct
The hunt country lies both in Devon and Somerset and extends some 20 miles East to West and 12 miles North to South at the widest part.Exmoor
55%
The country comprises the whole area of South Devon bounded by the Rivers Dart and Tamar, and the sea.Dartmoor
35%
The country which lies in Devon, with a few coverts in West Somerset, extends some 30 miles east to west by about 14 miles north to south.Tiverton
30%
The country is mainly grassland, with small fields, some large Cornish banks and hunt jumps. A surefooted horse with ability to jump is required.Tetcott
25%
The country is situated on the southernmost part of Devon and includes the south-eastern corner of Dartmoor.South Devon
25%
The country lies in West Devon and Cornwall, and consists of plough, grass and forestry. It is the southern portion of the old Tetcott, as hunted for many years.South Tetcott
20%
The country centre lies where Devon, Somerset and Dorset meet, and is nearly all grass with high banks which cannot be jumped because of wire. Cotley
20%
The country in Devon lies east of Exeter.East Devon
20%
The country in Devon is the north east quarter of Dartmoor and some way off the moor towards Exeter.Mid Devon
20%
Hint Answer % Correct
The country lies in western Devon and Cornwall. To the west is Launceston, to the east Okehampton and in the south Tavistock.Lamerton
15%
The country is situated in North Devon and West Somerset extending from Hawkridge to Saunton Sands.Dulverton
15%
The country, which extends some 19 miles east to west by about 20 miles north to south, lies in Devon.Eggesford
10%
The Country extends from Postbridge in the east to Gulworthy in the west and from Okehampton in the north to Plymouth in the south.Spooners and West Dartmoor
10%
The country is large and lies in North Devon, with the Atlantic as its northern boundary.Stevenstone
10%
The country, in Devon, which lies east of the River Torridge from New Bridge, Dolton, to the New Bridge, Barnstaple, is on loan from the Stevenstone.Torrington Farmers
10%
The country which is in Devon is adjoined by the Cotley Harriers to the north.Axe Vale
5%
The country, which lies in Devon and Somerset, extends about 18 miles from Bampton in the east to South Molton in the west and from Knowstone and Oakford in the south.Dulverton Farmers
5%
In Devon, its southern boundary the sea. In parts very hilly, generally good scenting. Silverton
5%

You're not logged in!

Compare scores with friends on all Sporcle quizzes.
OR
Log In

You Might Also Like...

Show Comments

Extras

Top Quizzes Today


Score Distribution

Your Account Isn't Verified!

In order to create a playlist on Sporcle, you need to verify the email address you used during registration. Go to your Sporcle Settings to finish the process.

Report this User

Report this user for behavior that violates our Community Guidelines.

Details: